000 00199 a2200097 4500
001 7817
100 _aMather, B
245 _aThe pass beyond Kashmir
260 _a
_bCollins
_c
090 _c6266
_d6266
942 _aNUST-CAE
_cM
_c32785
999 _c242890
_d242890